RLCS Earnings - Statistiques

Statistiques générales
  • Ce quiz a été pris 29 fois
  • Le résultat moyen est 15 sur 25
Statistiques - réponses
Region Money Earned Réponse % Correct
EU $2,149,079 BDS
100%
NA/SAM $1,187,200 FURIA
100%
NA $1,862,547 G2
100%
EU $2,095,625 Vitality
100%
MENA $959,583 Falcons
96%
EU $894,323 Karmine Corp
92%
NA $1,582,845 NRG
92%
EU/NA $927,850 Dignitas
88%
MENA $523,458 Rule One
72%
NA $618,691 Cloud 9
68%
EU/NA $377,176 Oxygen
68%
NA/SAM $456,522 Complexity
64%
EU/NA $433,815 Moist
64%
NA $1,033,861 Spacestation Gaming
64%
NA $938,370 FaZe Clan
52%
EU $507,121 Liquid
52%
NA $888,410 Version 1
48%
EU $290,589 FlipSid3 Tactics
32%
EU $363,228 Endpoint CeX
24%
NA $477,520 Rogue
24%
EU $294,519 SMPR Esport
24%
OCE $382,944 Ground Zero
20%
NA $460,651 Team Envy
20%
NA $579,050 GenG Mobil 1
16%
EU $466,856 Guild
12%
Aucun quiz correspondant
Distribution des résultats
% des personnes avec chaque résultat
Percentile par nombre de réponses
Votre historique - résultats
Vous n’avez pas pris ce quiz